[Event "83rd ESP-ch Women-ch 2018"]
[Site "Linares"]
[Date "2018.08.28"]
[Round "9"]
[White "Tejedor Fuente, Enrique"]
[Black "Aroshidze, Levan"]
[Result "1/2-1/2"]
[WhiteElo "2408"]
[BlackElo "2504"]
[Annotator "TA"]
[PlyCount "96"]
[EventDate "2018.08.09"]
[EventType "tourn"]
[EventCountry "ESP"]
[SourceTitle "playchess.com"]
[Source "ChessBase"]
[SourceQuality "1"]

{[%evp 28,96,34,25,33,0,30,0,34,0,37,30,33,26,15,0,30,20,62,59,56,75,75,0,6,0,0,0,12,0,0,-48,-64,-45,-51,-80,-74,-97,-103,-102,-83,-83,-87,-72,-72,-72,-72,-97,-113,-120,-98,-103,-13,-27,-14,-18,-14,-23,-23,-23,-40,-38,-8,-8,-8,-8,-8,-10,-8,-8,-8]} 1. e4 c5 2. Nf3 e6 3. d4 cxd4 4. Nxd4 a6 5. Bd3 Nf6 6. O-O d6 7. c4 Be7 8. Nc3 O-O 9. Qe2 Nbd7 10. b3 Qc7 11. Bb2 {B42: Sizilianisch (Paulsen-Variante)} b6 12. Rae1 Bb7 13. Kh1 Rfe8 14. f4 Rad8 15. Nf3 {LiveBook: 4 Partien} Nh5 16. Nd4 (16. Nd2 g6 17. Bb1 Bf6 18. g4 Ng7 {1-0 (32) Ponkratov,P (2613)-Bocharov,D (2583) Khanty-Mansiysk 2017}) 16... Nhf6 17. Nf3 Nh5 18. Nd4 Nhf6 19. Bb1 g6 20. Nf3 Nh5 $146 21. f5 Bf6 22. g4 {[%cal Bg2g4,Bg4f5][%mdl 32]} Ng7 23. Qd2 exf5 24. gxf5 Nh5 25. Nd5 (25. Ng5 $16) 25... Bxd5 $1 $11 26. exd5 Bxb2 27. Qxb2 Ndf6 28. fxg6 (28. Rc1 {feels hotter.} b5 29. cxb5 Qb7 30. bxa6 Qxa6 31. Rg1) 28... hxg6 29. Qg2 (29. Rc1 {keeps more tension.} Qd7 30. Rg1 Ne4 31. Bxe4 Rxe4 32. Ng5) 29... Rxe1 30. Rxe1 Re8 31. Rxe8+ Nxe8 32. Bxg6 fxg6 33. Qxg6+ Neg7 {zielt auf ...De7 ab.} 34. Ng5 {[#]} Qd7 $1 35. Qh7+ Kf8 {Und ...Dg4 würde nun gewinnen.} 36. Ne6+ {[#]} Kf7 $1 37. Ng5+ Kf6 38. Qh6+ Ke7 39. Ne4 Qf5 (39... a5 $17 40. Qe3 Qf5 41. Ng3+ Qe5 42. Qxe5+ dxe5) 40. Qxd6+ Kf7 {[%cal Rf5f1]} 41. Qe6+ $1 Qxe6 42. dxe6+ Kxe6 {...Ke5 ist eine echte Drohung.} ({Viel schwächer ist} 42... Nxe6 43. Kg2 $17) 43. c5 b5 {Droht stark ...Kd5.} 44. c6 $1 Ne8 {Und weiter mit ...Kd5 wäre nett.} 45. Nc5+ $1 {Die Stellung ist ausgeglichen.} Kd6 46. Nxa6 Kxc6 47. a4 Kb6 48. Nb4 bxa4 {Precision: Weiß = 62%, Schwarz = 68%.} 1/2-1/2

[Event "83rd ESP-ch Women-ch 2018"]
[Site "Linares"]
[Date "2018.08.28"]
[Round "9"]
[White "Suarez Uriel, Adrian"]
[Black "Perez Candelario, Manuel"]
[Result "0-1"]
[WhiteElo "2391"]
[BlackElo "2611"]
[Annotator "TA"]
[PlyCount "48"]
[EventDate "2018.08.09"]
[EventType "tourn"]
[EventCountry "ESP"]
[SourceTitle "playchess.com"]
[Source "ChessBase"]
[SourceQuality "1"]

{[%evp 11,48,-2,-3,-3,0,0,0,-8,-17,0,0,0,0,0,-10,-41,-26,-18,-7,-18,-12,-10,-15,-19,-21,-17,-22,-16,-20,-22,-13,-113,-109,-109,-110,-326,-313,-536,-557]} 1. Nf3 d5 2. b3 Nf6 3. Bb2 g6 4. c4 Bg7 5. e3 O-O 6. Be2 c5 {LiveBook: 25 Games} 7. Qc1 $146 {A30: Symmetrical English: Double Fianchetto and Hedgehog} ({Predecessor:} 7. O-O dxc4 8. bxc4 Nc6 9. d3 b6 10. Nc3 Bb7 11. Rb1 e6 12. Qc2 Qe7 13. Nd2 Rfd8 14. a3 Ne8 15. f4 Nd6 16. Nce4 Nxe4 17. Nxe4 {0-1 (35) Kryvoruchko,Y (2710)-Anand,V (2803) Berlin 2015}) 7... Nc6 8. cxd5 Qxd5 9. Nc3 {The position is equal.} Qd7 10. O-O b6 11. Rd1 Bb7 12. d4 cxd4 13. exd4 Nb4 14. Ne5 Qd8 15. Ba3 a5 16. Qd2 Rc8 17. Rac1 {[#]} Rxc3 $1 {[%mdl 512]} 18. Qxc3 {Qd2 is the strong threat.} (18. Rxc3 Ne4) 18... Nxa2 19. Qc7 $1 {[%cal Rc7b7]} Nxc1 20. Rxc1 Qxd4 $40 {[%mdl 128] Strongly threatening ...Ne4. Black is up to no good.} 21. Rd1 (21. Bxe7 $11 Nd5 22. Qxb7 Nxe7 23. Nc4) 21... Nd5 $1 $17 {[%csl LRc7,LRe5]} 22. Qxb7 Qxe5 23. Bc4 $2 {[#]} (23. Bf3 $17 Nc3 24. Qxe7) 23... Nc3 $19 24. Rc1 $2 (24. Bb2) 24... b5 {Precision: White = 39%, Black = 92%.} 0-1

[Event "83rd ESP-ch Women-ch 2018"]
[Site "Linares"]
[Date "2018.08.28"]
[Round "9"]
[White "Matnadze, Ana"]
[Black "Arizmendi Martinez, Julen Luis"]
[Result "1/2-1/2"]
[WhiteElo "2378"]
[BlackElo "2507"]
[Annotator "TA"]
[PlyCount "49"]
[EventDate "2018.08.09"]
[EventType "tourn"]
[EventCountry "ESP"]
[SourceTitle "playchess.com"]
[Source "ChessBase"]
[SourceQuality "1"]

{[%evp 13,49,0,0,-19,-10,-25,-20,-24,-4,-27,-15,-27,-22,-32,8,32,22,18,39,-19,12,18,30,47,43,0,0,0,0,0,0,0,0,0,0,0,0,0]} 1. Nf3 d5 2. g3 c5 3. Bg2 Nc6 4. c4 d4 5. e3 e5 6. exd4 {A09: Reti-Eröffnung} exd4 7. O-O Nf6 {LiveBook: 54 Partien} 8. a3 (8. d3 Be7 9. Bf4 O-O 10. Re1 Nh5 11. Bc1 Nf6 12. Na3 a6 13. Ne5 Nxe5 14. Rxe5 Bd6 15. Re1 Rb8 16. Nc2 h6 {½-½ (38) Fedoseev,V (2771)-Anand,V (2758) Riadh 2017}) 8... Be7 {[#]} 9. b4 $146 {[%mdl 512]} ({Vorgänger:} 9. d3 h6 10. Nbd2 Bf5 11. Re1 O-O 12. Nh4 Bg4 13. Qa4 {1-0 (42) Salamero Pelay,F (2169)-Glavina,P (2382) Aragon 2016}) 9... cxb4 10. axb4 Nxb4 11. Bb2 Nc6 12. d3 O-O 13. Nbd2 Nd7 {[%cal Bf6d7,Bd7c5,Bc5d3][%mdl 32]} 14. Nxd4 Nxd4 15. Bxd4 Nc5 16. Bd5 ({Günstiger ist} 16. Bxc5 $14 Bxc5 17. Bd5) 16... Bh3 17. Re1 {Und weiter mit Dh5 wäre nett.} Nxd3 {[#]} 18. Rxe7 $1 {[%mdl 512]} Qxe7 19. Qh5 Qd7 {[#]Die Stellung ist ausgeglichen.} 20. Bxg7 $1 {[%mdl 512]} Kxg7 21. Qg5+ Kh8 22. Qf6+ Kg8 23. Qg5+ Kh8 24. Qf6+ Kg8 25. Qg5+ 1/2-1/2

[Event "83rd ESP-ch Women-ch 2018"]
[Site "Linares"]
[Date "2018.08.28"]
[Round "9"]
[White "Bernabeu Lopez, Carlos Javier"]
[Black "Roldan Marques, Daniel"]
[Result "1/2-1/2"]
[WhiteElo "2360"]
[BlackElo "2161"]
[Annotator "TA"]
[PlyCount "101"]
[EventDate "2018.08.09"]
[EventType "tourn"]
[EventCountry "ESP"]
[SourceTitle "playchess.com"]
[Source "ChessBase"]
[SourceQuality "1"]

{[%evp 21,101,0,77,-18,124,129,130,123,110,118,200,150,233,240,235,214,227,204,242,238,263,250,284,180,194,213,243,143,152,112,112,112,120,81,95,104,176,97,112,112,115,83,85,29,66,32,112,112,108,101,84,54,70,70,70,70,70,70,70,-8,0,0,0,-29,-29,-29,-28,-29,9,9,9,9,9,9,9,9,9,0,9,0,9,0]} 1. e4 {[%cal Be2e4,Be4e5][%mdl 32]} e6 2. d4 d5 3. Nc3 Nf6 4. e5 Nfd7 5. f4 c5 6. Nf3 Nc6 7. Be3 cxd4 8. Nxd4 Bc5 9. Qd2 a6 10. O-O-O Nxd4 11. Bxd4 b5 {[#] LiveBook: 13 Partien} (11... O-O $11) 12. h4 {C11: Französische Verteidigung} (12. Ne4 $1 $16 {[%cal Re4c5]} dxe4 13. Bxc5) (12. Ne4 Be7 13. Nd6+ Bxd6 14. exd6 Nf6 15. g4 Ne4 16. Qe3 O-O 17. Bd3 Nxd6 18. Qh3 f5 19. Rhg1 Rf7 20. gxf5 Nxf5 21. Bxf5 exf5 22. Bxg7 Rxg7 23. Rxg7+ Kxg7 24. Rg1+ Kh8 25. Qe3 {1-0 (25) Volokitin,A (2676)-Iakymov,V (2494) Kharkov 2010}) 12... b4 {[#]} (12... O-O $11 {bleibt in der Remisbreite.}) 13. Ne4 $1 $16 {[%cal Re4c5][%mdl 512]} Be7 $146 (13... dxe4 14. Bxc5) ({Vorgänger:} 13... Bxd4 14. Nd6+ Ke7 15. Qxd4 Qb6 16. Qd2 f6 17. Bd3 Nc5 18. Rh3 Nb7 19. Nxc8+ Raxc8 {1-0 (28) Wieland,O (2060)-Einhorn,L (2064) Baden 2011}) 14. Nd6+ {Weiß steht besser.} Bxd6 15. exd6 Qa5 (15... O-O $16) 16. a3 Rb8 (16... Nc5 $16 17. Qe1 (17. Qxb4 Qxb4 18. axb4 Ne4 $16) (17. Bxg7 Rg8 $16) 17... Ne4) 17. Bxg7 $18 Rg8 18. Bd4 Nc5 19. Qe1 Ne4 20. Bd3 f5 21. Bxe4 dxe4 22. Qe2 Rg4 23. Rh3 Qb5 24. Qd2 (24. Qf2 $18) 24... a5 $16 25. Rb3 Bd7 {[%cal Bc8d7,Bd7c6,Bc6d5][%mdl 32]} 26. g3 Kf7 27. axb4 axb4 28. Re3 Qa5 (28... Qa6 $16 29. b3 Qxd6) 29. b3 (29. Ra3 $1 $18 {[%cal Ra3a5]} Qd8 30. Ra7) 29... Bc6 30. Bb2 Qc5 31. Qd4 Qxd4 32. Rxd4 (32. Bxd4 $16 Rbg8 33. Kd2) 32... Bd5 33. Kb1 Rb5 (33... Ke8 $14) 34. c4 bxc3 35. Rxc3 Rg8 36. Kc2 Rb7 37. Ba3 Rgb8 {[%cal Rb7b3]} 38. Rc7+ Ke8 39. Rxb7 Rxb7 $14 {[%mdl 4096] Endspiel KTL-KTL} 40. Bb4 (40. Rb4 $1 $14) 40... h5 41. Kc3 Rg7 42. Rd2 Rxg3+ 43. Kd4 Rxb3 44. Bc5 Rd3+ (44... Bc6 {feels hotter.} 45. Ke5 Rb5 46. Kd4 Ra5 47. Rg2 Kf7) 45. Rxd3 {Die Stellung ist ausgeglichen.} exd3 46. Kxd3 $11 {KL-KL} Kd7 47. Kd4 Bf3 48. Bb4 Bd5 49. Bc5 Bf3 50. Bb4 Bd5 51. Bc5 {Precision: Weiß = 48%, Schwarz = 44%.} 1/2-1/2

[Event "83rd ESP-ch Women-ch 2018"]
[Site "Linares"]
[Date "2018.08.28"]
[Round "9"]
[White "Sanchez Aller, Fernando"]
[Black "Sanchez Jerez, Emilio Miguel"]
[Result "1-0"]
[WhiteElo "2345"]
[BlackElo "2246"]
[Annotator "NA RC"]
[PlyCount "70"]
[EventDate "2018.08.09"]
[EventType "tourn"]
[EventCountry "ESP"]
[SourceTitle "playchess.com"]
[Source "ChessBase"]
[SourceQuality "1"]
[TimeControl "40/5400+30:1800+30"]

{[%evp 8,67,57,58,35,31,45,32767,32767,0,32767,32767,13,0,0,14,9,-22,5,0,10,11,6,12,6,0,12,14,21,0,-6,4,1,0,33,23,42,32,32767,46,32767,45,129,96,82,32767,32767,145,32767,32767,32767,32767,247,372,32767,32767,32767,32767,32767,32767,32767,859]} 1. e4 {[%emt 0:00:05]} d6 {[%emt 0:00:00]} 2. d4 {[%emt 0:00:07]} e5 {[%emt 0:00:54]} 3. dxe5 {[%emt 0:01:26]} dxe5 {[%emt 0:00:06]} 4. Qxd8+ {[%emt 0:00:11]} Kxd8 {[%emt 0:00:06]} 5. Bc4 {[%emt 0:00:15]} f6 {[%emt 0:00:06] LiveBook: 40 Games} 6. Nc3 {[%emt 0:03:19]} c6 {[%emt 0:00:05]} 7. Be3 {[%emt 0:00:41]} Kc7 {[%emt 0:00:28] B07: Pirc Defence: Miscellaneous Systems} (7... Nd7 8. O-O-O Kc7 9. f4 Bd6 10. f5 Ne7 11. g4 h6 12. h4 Bb4 13. Nge2 b5 14. Bb3 Nc5 15. g5 Nxb3+ 16. axb3 hxg5 17. hxg5 {1-0 (41) Martin Fuentes,A (2391)-Vazquez Igarza,R (2577) Linares 2018}) 8. Nge2 {[%emt 0:01:36]} b5 {[%emt 0:00:28]} 9. Bb3 {[%emt 0:00:08]} Nd7 $146 {[%emt 0:08:37]} ({Predecessor:} 9... a5 10. a4 b4 11. Nb1 Na6 12. Ng3 g6 13. O-O Bc5 14. Bxc5 Nxc5 15. Nd2 Ba6 16. Rfe1 Rd8 17. Rad1 Ne7 {½-½ (17) Osborne,S (1986)-Delaney,K (1984) Bunratty 2008}) 10. Be6 {[%emt 0:02:12]} Ne7 {[%emt 0:19:46]} 11. a4 {[%emt 0:02:23]} b4 {[%emt 0:01:25]} 12. Na2 {[%emt 0:00:20]} Nb6 {[%emt 0:04:07]} 13. Bxc8 {[%emt 0:03:33]} Nexc8 {[%emt 0:00:18]} 14. b3 {[%emt 0:01:06]} a5 {[%emt 0:10:51]} 15. Nac1 {[%emt 0:13:01]} Nd6 {[%emt 0:10:59]} 16. f3 {[%emt 0:02:10]} Nb7 {[%emt 0:02:02]} 17. Nd3 {[%emt 0:01:48]} Nd7 {[%emt 0:01:40]} 18. Nec1 {[%emt 0:08:44]} h5 {[%emt 0:01:43]} 19. Ke2 {[%emt 0:00:55]} g6 {[%emt 0:06:41]} 20. Rd1 {[%emt 0:03:47]} Nbc5 {[%emt 0:05:32]} 21. Nxc5 {[%emt 0:01:29]} Nxc5 {[%emt 0:00:14]} 22. Nd3 {[%emt 0:00:24]} Nxd3 {[%emt 0:06:50]} 23. Rxd3 {[%emt 0:01:05]} Be7 {[%emt 0:01:13]} 24. Rad1 {[%emt 0:02:17]} Rhd8 {[%emt 0:02:38]} (24... Rad8 $1 $14) 25. Rxd8 {[%emt 0:00:14]} Rxd8 {[%emt 0:00:15]} 26. Rxd8 {[%emt 0:00:08]} Bxd8 {[%emt 0:00:06]} 27. Kd3 {[%emt 0:00:51]} Kd7 {[%emt 0:09:55]} 28. Kc4 {[%emt 0:02:16]} f5 {[%emt 0:02:31]} 29. Bd2 {[%emt 0:01:22]} fxe4 {[%emt 0:00:45]} 30. fxe4 {[%emt 0:00:07]} Bc7 {[%emt 0:03:23]} 31. Kc5 {[%emt 0:01:20]} Bd6+ {[%emt 0:00:27]} 32. Kb6 {[%emt 0:00:55]} Bc7+ {[%emt 0:00:07]} 33. Ka6 {[%emt 0:00:30]} Kd6 {[%emt 0:01:33]} 34. Be3 $18 {[%emt 0:01:17]} Bd8 {[%emt 0:00:36]} 35. Bb6 {[%emt 0:00:48]} Bg5 1-0

[Event "83rd ESP-ch Women-ch 2018"]
[Site "Linares"]
[Date "2018.08.28"]
[Round "9"]
[White "Alshameary Puente, Ismael"]
[Black "Vergara Anton, Diego"]
[Result "1-0"]
[WhiteElo "2343"]
[BlackElo "2022"]
[Annotator "TA"]
[PlyCount "133"]
[EventDate "2018.08.09"]
[EventType "tourn"]
[EventCountry "ESP"]
[SourceTitle "playchess.com"]
[Source "ChessBase"]
[SourceQuality "1"]

{[%evp 27,133,39,26,0,12,16,60,53,59,59,55,35,61,-43,0,0,4,0,137,133,175,177,235,169,185,184,172,131,163,126,135,140,118,139,198,181,179,189,156,141,409,411,424,410,410,404,510,504,471,398,493,482,455,480,5728,5716,4133,2505,1325,723,1321,97,90,0,238,238,238,238,238,238,231,227,195,163,150,20,22,14,196,169,333,332,293,263,282,247,431,438,527,464,464,539,527,526,398,324,587,561,1068,779,29982,29983,29983,29984,29984,29985,29987,29988]} 1. d4 d5 2. c4 e6 3. Nc3 Nf6 4. cxd5 exd5 5. Bg5 Be7 6. e3 O-O 7. Bd3 c6 8. Qc2 Nbd7 9. Nf3 Re8 10. O-O Nf8 11. h3 Ne4 12. Bf4 f5 13. Ne5 Ng6 14. Nxg6 {D36: Damengambit (Abtauschvariante)} hxg6 {LiveBook: 19 Partien} 15. Ne2 Be6 $146 ({Vorgänger:} 15... Bd6 16. f3 Bxf4 17. Nxf4 Ng3 18. Rfe1 g5 19. Ng6 Qf6 20. Ne5 g6 21. Qf2 Nh5 {1-0 (38) Zaiatz,E (2344)-Shadrina,T (2380) Sochi 2004}) 16. f3 {Die Stellung ist ausgeglichen.} Nf6 17. g4 {[%cal Rg4f5]} Qd7 18. Ng3 {[%cal Rg4f5]} Bd6 19. Be5 {[%cal Rg4f5]} Bf7 20. g5 ({Günstiger ist} 20. f4 $1 $14) 20... Nh7 21. f4 Bxe5 22. dxe5 Nf8 (22... Nxg5 $1 $11 {hält das Gleichgewicht.} 23. fxg5 Rxe5) 23. h4 $16 Qc7 24. h5 Qb6 (24... gxh5 $142 25. Nxf5 Rad8) 25. Rae1 gxh5 26. Nxf5 Rad8 27. Rf2 c5 28. b3 Bg6 29. Nd6 Rxd6 30. exd6 Bxd3 (30... Qxd6 $16 31. Rh2 Bf7) 31. Qxd3 $18 Qxd6 32. Rd1 Rd8 33. e4 {[%cal Rd3d5]} Qe6 $2 {[%mdl 8192]} (33... Ne6 $16 {ist wohl besser.}) 34. f5 Qe5 35. exd5 Nh7 36. Rg2 Qf4 37. Rf1 Qh4 38. Qc4 Qd4+ 39. Qxd4 cxd4 {[%mdl 4096] Endspiel KTT-KTS} 40. f6 {[%cal Bf5f6,Bf6f7][%mdl 32]} Rxd5 (40... d3 $142 41. Rf5 g6) 41. f7+ Kf8 42. g6 Ng5 43. Rc1 Ne6 44. Re2 $2 (44. Re1 $18 {und der Rest ist Schweigen.} Rd6 45. Rge2) 44... Rg5+ $16 45. Rg2 (45. Kh2 $16 {Beabsichtigt Tc8+ und Matt.} Rxg6 46. Rf1) 45... Rxg2+ $2 (45... Rd5 $1 $11 {und Schwarz ist OK.} 46. Re1 Rd6) 46. Kxg2 $11 {KT-KS} Nf4+ 47. Kf3 {[#] Droht Matt per Tc8+.} Nxg6 48. Rc7 Ne5+ 49. Kf4 Nxf7 50. Rd7 Ke8 51. Rxb7 (51. Rxd4 $16 g6 52. Re4+ Kd7 53. Re2) 51... g5+ 52. Kg3 d3 $2 {[#]} (52... Nd6 $11 53. Rxa7 Ne4+ 54. Kf3 Nc3) 53. Rb5 $1 $18 Ke7 $2 (53... Nd6 54. Rd5 Ne4+ 55. Kg2 Nc3 56. Rxd3 Nxa2) 54. Rd5 Ke6 55. Rxd3 h4+ 56. Kh3 Nd6 $2 (56... Ne5 {ist eine bessere Verteidigung.} 57. Rd8 Kf5 58. Rf8+ Ke4) 57. Kg4 Ne4 {Droht stark ...Sf2+.} 58. Rd4 Ke5 59. Ra4 Nf2+ 60. Kxg5 h3 {Weiss muss nun ...h2 beachten.} 61. Rh4 a5 $2 (61... a6 {war einen Versuch wert.} 62. a3 a5) 62. a3 Kd5 63. Kf4 Kc5 64. Ke3 {Weiß setzt Matt.} Nd1+ 65. Kd2 Nf2 66. Ke2 h2 67. Kxf2 {Precision: Weiß = 61%, Schwarz = 34%.} 1-0

[Event "83rd ESP-ch Women-ch 2018"]
[Site "Linares"]
[Date "2018.08.28"]
[Round "9"]
[White "Lianes Garcia, Marcos"]
[Black "Orantes Taboada, Francisco"]
[Result "1-0"]
[WhiteElo "2340"]
[BlackElo "2242"]
[Annotator "TA"]
[PlyCount "45"]
[EventDate "2018.08.09"]
[EventType "tourn"]
[EventCountry "ESP"]
[SourceTitle "playchess.com"]
[Source "ChessBase"]
[SourceQuality "1"]

{[%evp 12,45,91,72,171,167,147,144,172,170,177,187,183,162,239,152,250,260,254,239,1086,1071,1075,1066,1006,1002,989,972,1019,937,2793,1734,2103,2068,29988,29989]} 1. e4 b6 2. d4 Bb7 3. Bd3 e6 4. c4 Nf6 5. Nc3 Bb4 6. Qc2 Nc6 7. Nf3 {LiveBook: 9 Games. E32: Nimzo-Indian: Classical (4 Qc2): 4...0-0} (7. Nge2 d6 8. O-O Bxc3 9. Qxc3 Qe7 10. f3 e5 11. d5 Nb8 12. Ng3 g6 13. Bh6 Nbd7 14. b4 c5 {1-0 (24) Al Sayed,M (2519)-Hayrapetyan,H (2398) St Petersburg 2011}) 7... d5 {[#]} (7... Bxc3+ $16 8. Qxc3 (8. bxc3 d6 $14) 8... Ne7) 8. cxd5 $1 $18 exd5 9. e5 {White is clearly better.} Ne4 10. O-O Nxc3 11. bxc3 Be7 12. Re1 Bc8 $146 (12... h6 $142 13. Bd2 O-O) ({Predecessor:} 12... g6 13. Bh6 Qd7 14. Bg7 Rg8 {1-0 (45) Casset Bello,E (2045)-Arroyo Andrades,A (1851) Barcelona 2014}) 13. Bxh7 Bg4 (13... Be6 $16) 14. Bf5 Bxf5 15. Qxf5 Rf8 $2 (15... Qd7 16. e6 fxe6 17. Qg6+ (17. Qxe6 Qxe6 18. Rxe6 Kd7 $16) (17. Rxe6 O-O-O $16) 17... Kf8 18. Rxe6 Bd6) 16. e6 fxe6 17. Qg6+ Rf7 18. Rxe6 Kf8 19. Rxc6 Bd6 20. Ng5 {[%csl Gg5][%cal Rg6f7,Bf3g5,Bg5h7,Bh7f6][%mdl 32] [#]} Re7 21. Nh7+ Kg8 22. Bg5 Qd7 23. Nf6+ {Precision: White = 96%, Black = 24%.} 1-0

[Event "83rd ESP-ch Women-ch 2018"]
[Site "Linares"]
[Date "2018.08.28"]
[Round "9"]
[White "Domingo Nunez, Ruben"]
[Black "Moreno Ruiz, Javier"]
[Result "1/2-1/2"]
[WhiteElo "2318"]
[BlackElo "2450"]
[Annotator "TA"]
[PlyCount "79"]
[EventDate "2018.08.09"]
[EventType "tourn"]
[EventCountry "ESP"]
[SourceTitle "playchess.com"]
[Source "ChessBase"]
[SourceQuality "1"]

{[%evp 18,79,9,8,45,43,50,39,45,10,45,49,75,84,85,87,82,81,243,256,246,249,256,243,235,241,251,259,251,243,241,126,125,102,126,64,64,64,64,64,88,80,183,72,85,30,71,8,11,11,80,16,16,0,18,0,0,0,0,0,0,0,0,0]} 1. e4 e6 2. d4 d5 3. Nc3 Bb4 4. exd5 exd5 5. Bd3 Nf6 6. a3 Bxc3+ {C01: French: Exchange Variation} 7. bxc3 O-O 8. Ne2 c5 9. dxc5 Nbd7 10. Be3 {LiveBook: 3 Games} Qa5 $146 ({Predecessor:} 10... Qe7 11. O-O Nxc5 12. Re1 Bd7 13. Bd4 Rfe8 14. f3 {1-0 (49) Onischuk,V (2614)-Nilsen,J (2397) Stockholm 2016}) 11. O-O Nxc5 12. Bd4 Nfe4 13. Re1 {Hoping for Nf4.} Bf5 14. Nf4 Rad8 15. f3 $36 {[%mdl 2048] White is really pushing.} Nd6 16. Re5 Bxd3 17. cxd3 Ne6 $2 (17... Nb5 $16) 18. Nxd5 $18 Kh8 19. Nf4 $1 Qa6 20. Nxe6 fxe6 21. Rxe6 b6 22. Bf2 Qc8 23. Qe1 Nb5 24. a4 (24. Re5 $18 Qc6 25. c4) 24... Rfe8 $16 25. Rxe8+ ({Reject} 25. axb5 $6 Rxe6 26. Qd2 Qd7 $11) 25... Rxe8 26. axb5 (26. Qd2 $16 Nxc3 27. a5) 26... Rxe1+ $14 27. Rxe1 $16 {[%mdl 4096] Endgame KQ-KRB} Kg8 28. c4 Qf5 29. Re4 Qf8 {[#]} (29... a6 $16) 30. h3 (30. d4 $1 $18 {is more deadly.}) 30... Qa3 31. Re3 (31. Rd4 $16) 31... Qc1+ 32. Kh2 (32. Re1 $16 Qa3 33. Re8+ Kf7 34. Rd8) 32... Qd2 $11 33. Bg1 Qc2 {[#]} (33... Kf8 $11) 34. Kh1 (34. Re8+ $1 $16 Kf7 35. Ra8) 34... Kf7 {The position is equal.} 35. Kh2 h5 36. h4 g6 37. Kg3 Kf6 38. Kh2 Kf7 39. Kg3 Kf6 40. Kh2 {Precision: White = 39%, Black = 46%.} 1/2-1/2

[Event "83rd ESP-ch Women-ch 2018"]
[Site "Linares"]
[Date "2018.08.28"]
[Round "9"]
[White "Balbuena Fuentes, Mario"]
[Black "Anton Guijarro, David"]
[Result "0-1"]
[WhiteElo "2306"]
[BlackElo "2652"]
[Annotator "TA"]
[PlyCount "90"]
[EventDate "2018.08.09"]
[EventType "tourn"]
[EventCountry "ESP"]
[SourceTitle "playchess.com"]
[Source "ChessBase"]
[SourceQuality "1"]

{[%evp 17,90,32,39,29,40,31,51,19,47,33,55,7,37,6,6,8,19,25,21,22,25,24,20,-33,-40,-74,-52,-62,-58,-59,-48,-48,-44,-75,-52,-124,-119,-114,-102,-143,-91,-100,-99,-91,-85,-118,-121,-117,-123,-128,-117,-218,-215,-218,-212,-231,-243,-310,-313,-349,-338,-370,-277,-257,-272,-412,-413,-395,-383,-1803,-463,-1662,-574,-1367,-712]} 1. e4 e5 2. Nf3 Nc6 3. Bb5 a6 4. Ba4 Nf6 5. O-O Be7 6. d3 d6 7. c3 O-O 8. Re1 Nd7 9. d4 {C84: Closed Ruy Lopez: Unusual White 6th moves} (9. Be3 Nb6 10. Bb3 Kh8 11. Nbd2 f5 12. Bxb6 cxb6 13. exf5 Bxf5 14. d4 exd4 15. Nxd4 Nxd4 16. cxd4 Qd7 {0-1 (32) Anand,V (2783)-Caruana,F (2807) Saint Louis 2017}) 9... Bf6 {LiveBook: 20 Games} 10. Bb3 Re8 $146 ({Predecessor:} 10... Nb6 11. a4 a5 12. d5 Ne7 13. Be3 g6 14. Na3 Nd7 15. Nb5 Bg7 16. Bc2 b6 17. b4 f5 18. bxa5 Rxa5 19. c4 Nc5 20. Bd2 Ra6 21. a5 fxe4 22. Ng5 bxa5 23. Nxe4 Nb7 {½-½ (23) Cuenca Jimenez,J (2483)-Maiorov,N (2596) Roquetas de Mar 2015}) 11. a4 {White is slightly better.} a5 12. Na3 Nf8 13. h3 Ng6 14. Nc4 (14. Nc2 {seems wilder.} h6 15. Bd2 b6 16. Bc4 Bd7 17. d5) 14... h6 (14... exd4 {looks sharper.} 15. cxd4 Nh4 16. d5 Nxf3+ 17. Qxf3 Ne5) 15. dxe5 (15. d5 $5 {[%cal Rd5c6]} Nce7 16. Bc2 $14) 15... Ncxe5 16. Nfxe5 Nxe5 17. Nxe5 Bxe5 18. f4 Bf6 19. Qh5 Be6 20. Bxe6 (20. Bc2 $11) 20... Rxe6 $15 21. Bd2 c6 22. Re2 Qb6+ $1 23. Be3 Qb3 24. Bf2 Qc4 25. Rae1 Qxa4 26. f5 (26. h4 $15) 26... Re7 $17 27. Bg3 Be5 28. Re3 {intending Bxe5.} Qc4 ({Black should try} 28... Qb5 29. f6 Re6 30. Bxe5 Rxf6) 29. Bxe5 Rxe5 (29... dxe5 $6 {[#]} 30. f6 $1 $11 {[%mdl 512]}) 30. Rg3 {[#] Hoping for Qxh6.} Kh7 ({Much weaker is} 30... Rxe4 $6 31. Rxe4 Qxe4 32. f6 $11) 31. Ree3 Rg8 32. Kh2 Re7 33. f6 Re5 34. Qf3 (34. Qd1 $17) 34... g6 $19 35. Rg4 Qe6 36. Rd3 g5 37. h4 Rg6 38. hxg5 hxg5 {[%cal Bh6g5,Bg5g4][%mdl 32]} (38... Rexg5 $2 39. Rxg5 hxg5 40. Qf5 $19) 39. Rg3 Qxf6 40. Rh3+ Kg8 41. Qh5 (41. Rd4 $142) 41... g4 42. Qh7+ Kf8 43. Rh4 $2 (43. Qh8+ Ke7 44. Qxf6+ Rxf6 45. Rhe3) 43... Rxe4 (43... Qf4+ $142 44. Rg3 Rxe4) 44. Rg3 (44. Qh8+ $142 Ke7 45. Qxf6+ Rxf6 46. Kg3) 44... d5 45. Qh5 b5 {Precision: White = 23%, Black = 47%.} 0-1